| 000 | 01208nam a2200277Ia 4500 | ||
|---|---|---|---|
| 003 | PE SENCICO BE | ||
| 005 | 20251020182457.0 | ||
| 008 | 200515s9999 xx 000 0 und d | ||
| 020 | _a978-84-8301-942-9 | ||
| 040 |
_aPE SENCICO BE _cPE SENCICO BE |
||
| 041 | _aspa | ||
| 082 |
_a624.1517 _bS95 |
||
| 100 | 1 |
_aSuriol, Josep _91043 _eautor |
|
| 245 | 1 | 0 |
_aReconocimiento geotécnico del terreno / _cJosep Suriol, Antoni Lloret, Alejandro Josa |
| 250 | _a1a ed. | ||
| 260 |
_aBarcelona : _bEdicions UPC, _c2007 |
||
| 300 |
_a87 p. : _bil., tbl., graf., _c29 cm. |
||
| 520 | 3 | _aEl presente texto trata de introducir al estudiante de Geotecnia a la problemática derivada del estudio del terreno como medio natural. Surge entonces la necesidad de transformar las propiedades del terreno en parámetros útiles al cálculo geotécnico. Los metodos de reconocimiento y los ensayos descritos tienen como objeto dar la solución a dicha problemática | |
| 650 | 1 | 4 |
_aEstudio de suelos _9155 |
| 650 | 2 | 4 |
_aPermeabilidad del suelo _91044 |
| 650 | 2 | 4 |
_aMecánica de rocas _9948 |
| 700 | 1 |
_91045 _aLloret, Antoni _eautor |
|
| 700 | 1 |
_91046 _aJosa, Alejandro _eautor |
|
| 942 |
_cLIB _2ddc |
||
| 999 |
_c1058 _d1058 |
||